Batman: Arkham Games - Statistics

General Stats
  • This quiz has been taken 994 times
  • The average score is 5 of 9
Answer Stats
Year Answer % Correct
2011 Arkham City
99%
2009 Arkham Asylum
98%
2015 Arkham Knight
98%
2013 Arkham Origins
95%
2013 Arkham Origins Blackgate
55%
2016 Arkham VR
42%
2011 Arkham City Lockdown
22%
2013 Arkham Origins (mobile)
15%
2016 Arkham Underworld
13%
No matching quizzes found
Score Distribution
Percent of People with Each Score
Percentile by Number Answered
Your Score History
You have not taken this quiz